Visualizzazione normale
Vista MARC
- Slobodova Katarina
di Personal Name
Records bibliografici associati: 1
001 - CONTROL NUMBER
- control field: 43952
003 - CONTROL NUMBER IDENTIFIER
- control field: IT-RoPau
005 - DATE AND TIME OF LATEST TRANSACTION
- control field: 20151127120920.0
008 - FIXED-LENGTH DATA ELEMENTS
- fixed length control field: 151127|| aca||aabn | a|a d
040 ## - CATALOGING SOURCE
- Original cataloging agency: IT-RoPau
- Transcribing agency: IT-RoPau
100 ## - HEADING--PERSONAL NAME
- Personal name: Slobodova Katarina
- Relator term: (soggetto)
- Miscellaneous information: Codice Soggetto SPICS: 38767
670 ## - SOURCE DATA FOUND
- Source citation: Work cat.: (IT-RoPau)105894: Koval Ota Codice regista SPICS: 38764 43947, RITORNO DEL PADRE (IL) RITORNO DEL PADRE (IL) (Rif. Codice opera principale : V0713)